000
00278nam a22001217a 4500
999
_c
534101
_d
534101
040
_c
MSOHAIL
082
_a
891.4392
100
_a
Mustansar Hussain Tarar
_9
9703
245
_a
Kalash / کالاش
260
_a
Lahore
_b
Sang-e-Meel
_c
c2008
300
_a
352;p
942
_2
ddc
_c
BK